| 000 | 00606nam a2200193 a 4500 | ||
|---|---|---|---|
| 005 | 20220524095035.0 | ||
| 008 | 991125s1963 ea 000 0 eng u | ||
| 035 | _aUPN01000001822 | ||
| 049 | _aCG | ||
| 050 | 4 |
_aPS535.5 _bA5.2 |
|
| 245 | 0 | 0 |
_aAll around America / _ced. Robert C. Pooley. |
| 260 |
_aAtlanta, E.U.A. : _bScott Foresman, _c1963. |
||
| 300 |
_a624 p. : _bil. (algunas col.) |
||
| 440 | 0 | _aAmerica reads | |
| 500 | _aTÃtulo de la cubierta: All around America through literature | ||
| 650 | 2 |
_aLiteratura estadounidense _ySiglo XX _95165 |
|
| 700 | 1 |
_aPooley, Robert C., _eed. |
|
| 905 | _aLibro | ||
| 999 |
_c1822 _d1822 |
||